Hodnotenie implementácie modelu fiškálneho federalizmu na príklade vybraných krajín bakalárska práca

Uložené v:
Podrobná bibliografia
Hlavný autor: Kujan-Privrelová, Barbora
Korporativný autor: Národohospodárska fakulta EU. Katedra financií
Ďalší autori: Tomčiková, Michaela
Médium: Kniha
Jazyk:Slovak
Vydavateľské údaje: Bratislava 2018
Tagy: Pridať tag
Žiadne tagy, Buďte prvý, kto otaguje tento záznam!

MARC

LEADER 00000nbm a2200000 4500
001 0245902
005 20181213141034.1
041 0 |a slo 
044 |a SK 
245 1 0 |a Hodnotenie implementácie modelu fiškálneho federalizmu na príklade vybraných krajín  |b bakalárska práca  |c Barbora Kujan-Privrelová ; školiteľ: Michaela Tomčiková 
264 1 |a Bratislava  |c 2018 
300 |a 41 s. 
100 1 |a Kujan-Privrelová, Barbora 
700 1 |a Tomčiková, Michaela 
710 2 |a Národohospodárska fakulta EU. Katedra financií